Gender differences and latent class in the perpetration of teen dating violence

Purpose: Teen dating violence (TDV) refers to harmful behavior perpetrated in the context of the relationship between adolescents. This study aimed to estimate the prevalence of perpetration TDV according to gender and to identify latent classes of young people with different patterns of behavior. M...

Full description

Saved in:  
Bibliographic Details
Authors: Villanueva-Blasco, Víctor José (Author) ; Hernández, María Jesús (Author) ; Mitjans, María Teresa (Author) ; Iranzo Ejarque, Begoña (Author)
Format: Electronic Article
Language:English
Published: 2025
In: Journal of family violence
Year: 2025, Volume: 40, Issue: 3, Pages: 621-634
Online Access: Volltext (lizenzpflichtig)
Volltext (lizenzpflichtig)
Check availability: HBZ Gateway
Keywords:

MARC

LEADER 00000naa a22000002c 4500
001 1941251196
003 DE-627
005 20251114084542.0
007 cr uuu---uuuuu
008 251114s2025 xx |||||o 00| ||eng c
024 7 |a 10.1007/s10896-023-00648-x  |2 doi 
035 |a (DE-627)1941251196 
035 |a (DE-599)KXP1941251196 
040 |a DE-627  |b ger  |c DE-627  |e rda 
041 |a eng 
084 |a 2,1  |2 ssgn 
100 1 |a Villanueva-Blasco, Víctor José  |e VerfasserIn  |0 (orcid)0000-0001-6081-1583  |4 aut 
245 1 0 |a Gender differences and latent class in the perpetration of teen dating violence  |c Víctor José Villanueva-Blasco, María Jesús Hernández, María Teresa Mitjans, Begoña Iranzo Ejarque 
264 1 |c 2025 
300 |b Illustrationen 
336 |a Text  |b txt  |2 rdacontent 
337 |a Computermedien  |b c  |2 rdamedia 
338 |a Online-Ressource  |b cr  |2 rdacarrier 
500 |a Literaturverzeichnis: Seite 631-634 
520 |a Purpose: Teen dating violence (TDV) refers to harmful behavior perpetrated in the context of the relationship between adolescents. This study aimed to estimate the prevalence of perpetration TDV according to gender and to identify latent classes of young people with different patterns of behavior. Methods: The sample consists of 862 secondary school students (50.2% girls and 49.8% boys) of different Spanish regions, with an average age of 14.1 years. TDV was measured in a cross-sectional study applying a latent class analysis. Results: It was found that TDV is mainly bidirectional and is present in 57.2% of participants of both genders. Only 10.6% were exclusively aggressors, and 6.3% were victims only. A high probability of perpetration behaviors appears especially for verbal-emotional TDV (65.4%), compared to physical TDV (20.1%) and relational TDV (15.7%). The categorical nature of TDV perpetration was shown by a three-class model (none/low TDV perpetration; jealousy/manipulation TDV perpetration; high TDV perpetration). Only gender differences were observed for jealousy/manipulation TDV. Conclusions: Results suggest that TDV is mostly bidirectional, with verbal/emotional violence being more common than physical and relational violence. TDV coheres into three latent classes (low, jealousy/manipulation, and high), of which the middle profile is more common among girls than boys. 
650 4 |a Gender 
650 4 |a Latent classes 
650 4 |a Perpetration 
650 4 |a Teen Dating Violence 
700 1 |a Hernández, María Jesús  |e VerfasserIn  |4 aut 
700 1 |a Mitjans, María Teresa  |e VerfasserIn  |4 aut 
700 1 |a Iranzo Ejarque, Begoña  |e VerfasserIn  |4 aut 
773 0 8 |i Enthalten in  |t Journal of family violence  |d Getzville, NY : HeinOnline, 1986  |g 40(2025), 3, Seite 621-634  |h Online-Ressource  |w (DE-627)320574547  |w (DE-600)2016884-6  |w (DE-576)121465950  |x 1573-2851  |7 nnas 
773 1 8 |g volume:40  |g year:2025  |g number:3  |g pages:621-634 
856 4 0 |u https://doi.org/10.1007/s10896-023-00648-x  |x Resolving-System  |z lizenzpflichtig  |3 Volltext  |7 1 
856 4 0 |u https://link.springer.com/article/10.1007/s10896-023-00648-x  |x Verlag  |z lizenzpflichtig  |3 Volltext  |7 1 
951 |a AR 
ELC |a 1 
LOK |0 000 xxxxxcx a22 zn 4500 
LOK |0 001 4805983701 
LOK |0 003 DE-627 
LOK |0 004 1941251196 
LOK |0 005 20251114081607 
LOK |0 008 251114||||||||||||||||ger||||||| 
LOK |0 040   |a DE-2619  |c DE-627  |d DE-2619 
LOK |0 092   |o n 
LOK |0 852   |a DE-2619 
LOK |0 852 1  |9 00 
LOK |0 935   |a krzo 
LOK |0 939   |a 14-11-25  |b l01 
ORI |a SA-MARC-krimdoka001.raw